| 000 | 02655nam a22003857a 4500 | ||
|---|---|---|---|
| 001 | 102509 | ||
| 003 | KnowledgeUnlatched | ||
| 005 | 20210303104806.0 | ||
| 006 | m o d | ||
| 007 | cr u|||||||||| | ||
| 008 | 210129p20182019ne o u00| u eng d | ||
| 037 | _5BiblioBoard | ||
| 245 | 0 | 4 |
_aThe Dutch and English East India Companies _bDiplomacy, Trade and Violence in Early Modern Asia / _cAdam Clulow, Tristan Mostert. |
| 020 | _a9789048533381 | ||
| 029 | 1 | _ahttps://library.biblioboard.com/ext/api/media/6de2baff-9ad1-4ecc-8bd3-a75cee643f61/assets/thumbnail.jpg | |
| 040 |
_aScCtBLL _cScCtBLL |
||
| 506 | 0 |
_aAccess copy available to the general public. _fUnrestricted _2star |
|
| 700 | 1 |
_aClulow, Adam _eeditor. |
|
| 700 | 1 |
_aMostert, Tristan _eeditor. |
|
| 264 | 1 | _bAmsterdam University Press, | |
| 300 | _a1 online resource (264 p.) | ||
| 490 | 1 | _aAsian History | |
| 520 | _aThe Dutch and English East India Companies were formidable organizations that were gifted with expansive powers that allowed them to conduct diplomacy, wage war and seize territorial possessions. But they did not move into an empty arena in which they were free to deploy these powers without resistance. Early modern Asia stood at the center of the global economy and was home to powerful states and sprawling commercial networks. The companies may have been global enterprises, but they operated in a globalized region in which they encountered a range of formidable competitors. This groundbreaking collection of essays explores the place of the Dutch and English East India Companies in Asia and the nature of their engagement with Asian rulers, officials, merchants, soldiers, and brokers. With contributions from some of the most innovative historians in the field, The Dutch and English East India Companies: Diplomacy, Trade and Violence in Early Modern Asia presents new ways to understand these organizations by focusing on their diplomatic, commercial, and military interactions with Asia. | ||
| 588 | 0 | _aDescription based on print version record. | |
| 590 | _aKU Select 2018: HSS Frontlist Books | ||
| 650 | 7 |
_aHistory _2bisacsh |
|
| 650 | 0 | _aHistory | |
| 655 | 0 | _aElectronic books. | |
| 758 |
_iIs found in: _aKnowledge Unlatched _1https://openresearchlibrary.org/module/2774bc74-146a-484f-a7ba-ab1d6a09bbfb |
||
| 830 | 0 | _aAsian History | |
| 856 | 4 | 0 |
_uhttps://openresearchlibrary.org/content/6de2baff-9ad1-4ecc-8bd3-a75cee643f61 _zView this content on Open Research Library. _70 |
| 999 |
_c26861 _d26861 |
||